000 02349cam a2200637 i 4500
001 1431
003 KOSZ 005
005 20250725064021.0
008 250724s1979 pl a f 000 0 pol
015 _aUWD 1979/8298
020 _a8301006625
035 _a991015202169705066
035 _a(PL-WaBN)b14083310-48omnis_nlop
035 _ab14083310
035 _a(OCoLC)749454420
035 _a(PL)b0000001408331
035 _a(EXLNZ-48OMNIS_NETWORK)9910115970105606
040 _aWA N
_cWA N
_dKOSZ 005/RW
041 1 _apol
_heng
046 _k1971
080 _a624-045.4
080 _a51-7
245 0 0 _aMatematyczne podstawy projektowania inżynierskiego /
_cRobert M. Stark, Robert L. Nicholls ; [z języka angielskiego tłumaczyli Tadeusz Kopyt, Wiesław Szydłowski, Kornel Wydro].
246 1 _iTytuł oryginału:
_aMathematical foundations for design :
_bcivil engineering systems,
_f1971
250 _aWydanie I.
260 _aWarszawa :
_bPaństwowe Wydawnictwo Naukowe,
_c1979.
300 _a688 stron :
_bilustracje ;
_c21 cm.
336 _aTekst
_btxt
_2rdacontent
337 _aBez urządzenia pośredniczącego
_bn
_2rdamedia
338 _aWolumin
_bnc
_2rdacarrier
380 _aKsiążki
380 _aPublikacje dydaktyczne
385 _mPoziom nauczania
_aSzkoły wyższe
388 1 _a1901-2000
388 1 _a1945-1989
490 1 _aBNI Biblioteka Naukowa Inżyniera
504 _aBibliografia na stronach [673]-688.
650 7 _aKonstrukcje
_2DBN
650 7 _aMatematyka stosowana
_2DBN
650 7 _aProjekty
_2DBN
650 7 _aTechnika
_2DBN
650 7 _aZastosowanie i wykorzystanie
_2DBN
655 7 _aOpracowanie
658 _aInżynieria i technika
658 _aMatematyka
700 1 _aKopyt, Tadeusz
_eTłumaczenie
700 1 _aNicholls, Robert L.
_eAutor
700 1 _aStark, Robert M.
_d(1930-2017)
_eAutor
700 1 _aSzydłowski, Wiesław
_c(mechanika)
_eTłumaczenie
700 1 _aWydro, Kornel B.
_eTłumaczenie
710 2 _aPaństwowe Wydawnictwo Naukowe
_4pbl
830 0 _aBNI Biblioteka Naukowa Inżyniera
856 _uhttps://koha.tu.koszalin.pl/cgi-bin/koha/opac-detail.pl?biblionumber=1431
_yKatalog online BPK
942 _2UKD
_cKS
999 _c1431
_d1431